Lecciones elementales de Derecho Civil / (Record no. 167708)
[ view plain ]
| 000 -LEADER | |
|---|---|
| campo de control de longitud fija | 01246nam a22002415i 4500 |
| 001 - NÚMERO DE CONTROL | |
| campo de control | 167708 |
| 003 - IDENTIFICADOR DE NÚMERO DE CONTROL | |
| campo de control | ES-MaACL |
| 005 - FECHA Y HORA DE LA ÚLTIMA TRANSACCIÓN | |
| campo de control | 20250809040617.0 |
| 008 - DATOS DE LONGITUD FIJA--INFORMACIÓN GENERAL | |
| campo de control de longitud fija | 940206s1879 sp |||| | spa d |
| 040 ## - FUENTE DE CATALOGACIÓN | |
| Centro catalogador/agencia de origen | CAM |
| Lengua de catalogación | spa |
| 080 ## - NÚMERO DE LA CLASIFICACIÓN DECIMAL UNIVERSAL | |
| Número de la Clasificación Decimal Universal | 347.1(07) |
| 100 1# - ENTRADA PRINCIPAL--NOMBRE DE PERSONA | |
| Nombre de persona | Viso, Salvador del. |
| 9 (RLIN) | 133797 |
| 245 10 - MENCIÓN DEL TÍTULO | |
| Título | Lecciones elementales de Derecho Civil / |
| Mención de responsabilidad, etc. | que, con arreglo al programa de enseñanza, compuso Salvador del Viso. |
| 250 ## - MENCION DE EDICION | |
| Mención de edición | 4ª ed, arreglada a la legislación vigente por una Sociedad de Abogados de este ilustre colegio. |
| 260 ## - PUBLICACIÓN, DISTRIBUCIÓN, ETC. | |
| Lugar de publicación, distribución, etc. | Valencia : |
| Nombre del editor, distribuidor, etc. | Juan Mariano y Sanz, |
| Fecha de publicación, distribución, etc. | 1879 ( |
| Fabricante | Imprenta de José Domenech) |
| 300 ## - DESCRIPCIÓN FÍSICA | |
| Extensión | 3 v. ; |
| Dimensiones | 22 cm. |
| 505 8# - NOTA DE CONTENIDO CON FORMATO | |
| Nota de contenido con formato | Contiene : T. I. Del derecho de las personas con relación a su estado (VI, 287 p.) - T.II. Del derecho de las personas con relación a su estado (516 p.) - T.III. Del derecho de las personas pasra exigir de otro lo que debe, ó sea, de las obligaciones (533 p.) ; Apéndice : Ley sobre el mar litoral, las playas y los puertos de 7 de mayo de 1880 (13 p.) |
| 650 07 - PUNTO DE ACCESO ADICIONAL DE MATERIA--TÉRMINO DE MATERIA | |
| Término de materia o nombre geográfico como elemento de entrada | Derecho civil |
| Fuente del encabezamiento o término | embne |
| 9 (RLIN) | 11656 |
| 700 1# - ENTRADA AGREGADA--NOMBRE PERSONAL | |
| Nombre de persona | Mariana y Sanz, Juan. |
| 9 (RLIN) | 129490 |
| 852 ## - LOCALIZACIÓN | |
| Ubicación | ES-MaACL |
| Número de control de estantería | G-3688-3690 |
| Nota libre | -- Enc. hol. 3 t. en 2 v. |
| 852 ## - LOCALIZACIÓN | |
| Ubicación | ES-MaACL |
| Número de control de estantería | E-13120-22 |
| Estatus retirado | Estado de pérdida | Estado de daño | No para préstamo | Colección | Biblioteca de origen | Biblioteca actual | Ubicación en estantería | Fecha de adquisición | Fuente de adquisición | Total de préstamos | Signatura topográfica completa | Código de barras | Visto por última vez | Precio de reemplazo | Tipo de ítem Koha |
|---|---|---|---|---|---|---|---|---|---|---|---|---|---|---|---|
| Libros del s. XIX | Biblioteca del Ateneo de Madrid | Biblioteca del Ateneo de Madrid | Depósito 2 | 17/01/2008 | G-3688-3690 | 1175943 | 23/02/2023 | 23/02/2023 | Libro impreso antiguo | ||||||
| Libros del s. XIX | Biblioteca del Ateneo de Madrid | Biblioteca del Ateneo de Madrid | Depósito 2 | 28/05/2009 | E-13120-22 | 1180245 | 23/02/2023 | 23/02/2023 | Libro impreso antiguo |
